مكتبة جامعة عجلون الوطنية

فهرس بحث المكتبة

Normal view MARC view
  • اعداد مناع، احمد محمد نايف؛ اشراف عبد المجيد محمد الصلاحين

Entry Personal Name

Number of records used in: 1

001 - CONTROL NUMBER

  • control field: 57879

003 - CONTROL NUMBER IDENTIFIER

  • control field: JO-AjAnu

005 - DATE AND TIME OF LATEST TRANSACTION

  • control field: 20230606083456.0

008 - FIXED-LENGTH DATA ELEMENTS

  • fixed length control field: 230606|| aca||aabn | a|a d

040 ## - CATALOGING SOURCE

  • Original cataloging agency: JO-AjAnu
  • Transcribing agency: JO-AjAnu

100 ## - HEADING--PERSONAL NAME

  • Personal name: اعداد مناع، احمد محمد نايف؛ اشراف عبد المجيد محمد الصلاحين

670 ## - SOURCE DATA FOUND

  • Source citation: Work cat.: (JO-AjAnu)29531: اعداد مناع، احمد محمد نايف؛ اشراف عبد المجيد محمد الصلاحين, author, دراسة وتحقيق مخطوط" حاشية القريمي على التلويح" للإمام احمد بن عبدالله القريمي الحنفي 879هجري من بداية كتاب القياس الى نهاية الكتاب = Critical Study and Authenticity of Book Manuscript " Hasheiat Alqereemi aia Altalweeh " by Ahmad ben Abdullah Alqereemi Alhanafi- 879AH from the beginning of Al-Qeyas to the end of the book